[Event "DMP-III LIGA Senior PK 2020"]
[Site "Bystre"]
[Date "2020.07.10"]
[Round "4.11"]
[White "Lach, Mateusz"]
[Black "Wozniak, Grzegorz"]
[Result "1/2-1/2"]
[WhiteElo "1674"]
[BlackElo "1608"]
[Annotator "NA RC"]
[PlyCount "211"]
[EventDate "2020.07.05"]
[EventType "team-tourn"]
[EventCountry "POL"]
[SourceTitle "playchess.com"]
[Source "ChessBase"]
[SourceQuality "1"]
[TimeControl "5400+30"]

1. d4 {[%emt 0:00:00]} Nf6 {[%emt 0:00:00]} 2. c4 {[%emt 0:00:00]} e5 {[%emt 0:00:01]} 3. dxe5 {[%emt 0:01:17]} Ng4 {[%emt 0:00:06]} 4. e6 {[%emt 0:01:50]} dxe6 {[%emt 0:11:42]} 5. Qxd8+ {[%emt 0:00:14]} Kxd8 {[%emt 0:00:02]} 6. a3 {[%emt 0:01:34]} Bc5 {[%emt 0:01:19]} 7. e3 {[%emt 0:00:15]} a5 {[%emt 0:00:14]} 8. b3 {[%emt 0:00:58]} Ke7 {[%emt 0:01:13]} 9. Bb2 {[%emt 0:01:44]} f6 {[%emt 0:00:18]} 10. Be2 {[%emt 0:01:17]} e5 {[%emt 0:00:52]} 11. h3 {[%emt 0:00:19]} Nh6 {[%emt 0:00:13]} 12. Bf3 {[%emt 0:00:41]} c6 {[%emt 0:01:03]} 13. Ne2 {[%emt 0:01:47]} Be6 {[%emt 0:01:25]} 14. Nbc3 {[%emt 0:01:19]} Nd7 {[%emt 0:00:54]} 15. O-O {[%emt 0:00:59]} Nf7 {[%emt 0:00:33]} 16. Ng3 {[%emt 0:02:07]} g6 {[%emt 0:05:09]} 17. Rfd1 {[%emt 0:01:04]} Rhd8 {[%emt 0:03:41]} 18. Be2 {[%emt 0:04:19]} f5 {[%emt 0:04:50]} 19. Na4 {[%emt 0:05:07]} Bd6 {[%emt 0:02:13]} 20. Bc3 {[%emt 0:02:52]} e4 {[%emt 0:07:38]} 21. Kf1 {[%emt 0:05:14]} Be5 {[%emt 0:01:22]} 22. Bxe5 {[%emt 0:01:42]} Nfxe5 {[%emt 0:00:07]} 23. f4 {[%emt 0:02:15]} Nf7 {[%emt 0:03:15]} 24. Nh1 {[%emt 0:01:09]} b5 {[%emt 0:09:27]} 25. Nc3 {[%emt 0:19:37]} bxc4 {[%emt 0:04:59]} 26. bxc4 {[%emt 0:05:17]} Nd6 {[%emt 0:01:29]} 27. Rd4 {[%emt 0:05:29]} Nc5 {[%emt 0:04:54]} 28. Rb1 {[%emt 0:03:10]} Rab8 {[%emt 0:00:43]} 29. g4 {[%emt 0:01:06]} Nb3 {[%emt 0:05:02]} 30. Rdd1 {[%emt 0:01:25]} Nxc4 {[%emt 0:01:48]} 31. Bxc4 {[%emt 0:03:29]} Bxc4+ {[%emt 0:01:01]} 32. Ke1 {[%emt 0:01:35]} Nc5 {[%emt 0:02:07]} 33. Nf2 {[%emt 0:04:14]} Nd3+ {[%emt 0:04:06]} 34. Nxd3 {[%emt 0:00:56]} Bxd3 {[%emt 0:00:07]} 35. Rbc1 {[%emt 0:02:15]} Rb2 {[%emt 0:01:47]} 36. Rd2 {[%emt 0:01:04]} Rxd2 {[%emt 0:02:00]} 37. Kxd2 {[%emt 0:00:02]} Bb5+ {[%emt 0:03:02]} 38. Ke1 {[%emt 0:00:58]} Rd3 {[%emt 0:01:00]} 39. Kf2 {[%emt 0:01:46]} Rd2+ {[%emt 0:00:51]} 40. Kg3 {[%emt 0:00:35]} Kd6 {[%emt 0:02:05]} 41. Rd1 {[%emt 0:03:49]} Rxd1 {[%emt 0:02:23]} 42. Nxd1 {[%emt 0:00:01]} Kd5 {[%emt 0:00:28]} 43. Nb2 {[%emt 0:00:40]} c5 {[%emt 0:00:49]} 44. gxf5 {[%emt 0:00:48]} gxf5 {[%emt 0:00:02]} 45. Kf2 {[%emt 0:00:18]} c4 {[%emt 0:02:02]} 46. Nd1 {[%emt 0:01:12]} c3 {[%emt 0:00:14]} 47. Nxc3+ {[%emt 0:00:05]} Kc4 {[%emt 0:00:05]} 48. Ne2 {[%emt 0:00:24]} Bd7 {[%emt 0:00:29]} 49. Nd4 {[%emt 0:00:40]} a4 {[%emt 0:00:25]} 50. Ke2 {[%emt 0:01:53]} Kc3 {[%emt 0:00:40]} 51. h4 {[%emt 0:00:04]} h5 {[%emt 0:03:04]} 52. Ke1 {[%emt 0:00:56]} Kd3 {[%emt 0:02:34]} 53. Kf2 {[%emt 0:00:11]} Kd2 {[%emt 0:00:08]} 54. Ne2 {[%emt 0:00:24]} Be8 {[%emt 0:00:11]} 55. Nd4 {[%emt 0:00:15]} Bg6 {[%emt 0:01:27]} 56. Ne6 {[%emt 0:00:35]} Kc2 {[%emt 0:00:52]} 57. Nc5 {[%emt 0:00:42]} Be8 {[%emt 0:00:39]} 58. Ke2 {[%emt 0:00:00]} Kb2 {[%emt 0:00:13]} 59. Kd2 {[%emt 0:00:01]} Kxa3 {[%emt 0:00:41]} 60. Kc3 {[%emt 0:00:01]} Ka2 {[%emt 0:00:22]} 61. Kc2 {[%emt 0:00:39]} Bb5 {[%emt 0:01:57]} 62. Kc1 {[%emt 0:00:50]} Ka3 {[%emt 0:00:50]} 63. Kb1 {[%emt 0:02:06]} Kb4 64. Ne6 Be8 {[%emt 0:00:46]} 65. Kc2 {[%emt 0:03:14]} a3 {[%emt 0:00:54]} 66. Nd4 {[%emt 0:01:16]} Bd7 {[%emt 0:00:09]} 67. Ne2 {[%emt 0:00:15]} a2 {[%emt 0:01:39]} 68. Kb2 {[%emt 0:00:12]} a1=B+ {[%emt 0:00:50]} 69. Kxa1 {[%emt 0:00:15]} Kc4 {[%emt 0:00:05]} 70. Ng3 {[%emt 0:00:30]} Kd3 {[%emt 0:00:04]} 71. Nxh5 {[%emt 0:00:26]} Kxe3 {[%emt 0:00:06]} 72. Nf6 {[%emt 0:00:34]} Be6 {[%emt 0:01:32]} 73. h5 {[%emt 0:00:18]} Kf3 {[%emt 0:01:55]} 74. h6 {[%emt 0:00:18]} e3 {[%emt 0:00:03]} 75. h7 {[%emt 0:00:18]} e2 {[%emt 0:00:03]} 76. h8=Q {[%emt 0:00:08]} e1=Q+ {[%emt 0:00:07]} 77. Kb2 {[%emt 0:00:06]} Qb4+ {[%emt 0:00:20]} 78. Kc2 {[%emt 0:02:17]} Bb3+ {[%emt 0:00:40]} 79. Kb2 {[%emt 0:01:17]} Bc4+ {[%emt 0:01:12]} 80. Kc2 {[%emt 0:02:05]} Qb3+ {[%emt 0:00:17]} 81. Kc1 {[%emt 0:01:20]} Qc3+ {[%emt 0:00:41]} 82. Kb1 {[%emt 0:00:16]} Qb3+ {[%emt 0:01:22]} 83. Kc1 {[%emt 0:00:01]} Qa3+ {[%emt 0:01:25]} 84. Kc2 {[%emt 0:00:27]} Qb3+ {[%emt 0:00:57]} 85. Kc1 {[%emt 0:00:11]} Qc3+ 86. Kb1 Bd3+ {[%emt 0:01:35]} 87. Ka2 {[%emt 0:00:10]} Qc4+ {[%emt 0:00:50]} 88. Ka3 {[%emt 0:00:32]} Qc5+ {[%emt 0:00:35]} 89. Kb3 {[%emt 0:00:57]} Qb5+ {[%emt 0:00:14]} 90. Ka3 {[%emt 0:00:42]} Qc5+ {[%emt 0:00:18]} 91. Kb3 {[%emt 0:00:01]} Bc4+ {[%emt 0:00:28]} 92. Kc3 {[%emt 0:00:12]} Bb5+ {[%emt 0:00:19]} 93. Kb3 {[%emt 0:00:37]} Qc4+ {[%emt 0:00:05]} 94. Kb2 {[%emt 0:00:17]} Qb4+ {[%emt 0:00:09]} 95. Kc1 {[%emt 0:00:42]} Qc3+ {[%emt 0:00:29]} 96. Kb1 {[%emt 0:00:05]} Bd3+ {[%emt 0:01:18]} 97. Ka2 {[%emt 0:00:04]} Bc4+ {[%emt 0:00:31]} 98. Kb1 {[%emt 0:00:05]} Qb4+ {[%emt 0:01:05]} 99. Kc1 {[%emt 0:00:26]} Qa3+ {[%emt 0:00:31]} 100. Kc2 {[%emt 0:00:37]} Qb3+ {[%emt 0:00:09]} 101. Kc1 {[%emt 0:00:12]} Qe3+ {[%emt 0:00:57]} 102. Kc2 {[%emt 0:00:53]} Qe2+ {[%emt 0:00:29]} 103. Kc3 {[%emt 0:00:22]} Qd3+ {[%emt 0:00:07]} 104. Kb4 {[%emt 0:00:12]} Qb3+ {[%emt 0:00:10]} 105. Kc5 {[%emt 0:00:00]} Qb5+ {[%emt 0:00:36]} 106. Kd4 {[%emt 0:00:12]} 1/2-1/2

[Event "DMP-III LIGA Senior PK 2020"]
[Site "Bystre"]
[Date "2020.07.10"]
[Round "4.13"]
[White "Lopuszanski, Kamil"]
[Black "Zgoda, Damian"]
[Result "1-0"]
[WhiteElo "1995"]
[BlackElo "1672"]
[Annotator "TA"]
[PlyCount "87"]
[EventDate "2020.07.05"]
[EventType "team-tourn"]
[EventCountry "POL"]
[SourceTitle "playchess.com"]
[Source "ChessBase"]
[SourceQuality "1"]

{[%evp 11,87,24,39,21,22,16,29,22,27,31,35,39,40,0,9,-34,-39,-44,106,110,109,99,100,100,141,110,152,138,157,139,227,227,272,272,297,285,422,337,346,352,354,360,356,354,553,307,767,779,737,697,931,924,842,855,1085,1047,2560,1952,2333,2254,2166,1848,6627,9411,5757,7760,12840,12834,12810,2241,1818,1688,950,1700,1501,1548,29987,29988]} 1. d4 g6 2. c4 Bg7 3. Nf3 d6 4. Nc3 Nc6 5. e3 e5 6. Be2 f5 {6...exd4 is the fancy move.} 7. d5 {A25: English Opening vs King's Indian with ...Nc6 but without early d3.} Nce7 8. b3 Nf6 9. Bb2 {White has an edge.} O-O 10. Qc2 {[#]} c6 $146 ({Predecessor:} 10... h6 11. h3 g5 12. O-O-O Ne4 13. Bd3 Nxc3 14. Qxc3 Rf7 15. e4 g4 16. Nd2 gxh3 17. gxh3 {0-1 (35) Jones,D (1902)-Martyr,R Port of Spain 2017}) 11. dxc6 bxc6 12. O-O-O Qc7 13. c5 d5 14. Nxe5 Ne4 {[#]} (14... Qxe5 $15 {stays ahead.} 15. Nxd5 Qxb2+ 16. Qxb2 Nexd5) 15. Nd3 $1 $16 {White now steadily converts the win.} Ba6 16. Na4 Bxd3 17. Bxd3 Qa5 18. f3 {Bxg7 is the strong threat.} Nf6 19. h3 Qc7 20. g4 Bh6 (20... Ne8 $16) 21. f4 $18 {Strongly threatening g5.} ({But not} 21. gxf5 $6 Nxf5 22. Bxf5 Bxe3+ 23. Kb1 gxf5 $16) 21... fxg4 22. hxg4 Bg7 23. Qh2 h6 (23... Rf7 {might work better.} 24. Be5 Qb7) 24. Qh4 Qd7 25. g5 Ng4 26. Bxg7 ({Not} 26. gxh6 Bxb2+ 27. Nxb2 (27. Kxb2 Nxe3 28. Rde1 N7f5 $16) 27... Nxe3 $18) 26... Kxg7 27. gxh6+ Kh7 {[#]} (27... Kh8 {was worth a try.} 28. Rde1 Nf6) 28. f5 $1 {Threatens to win with fxg6+.} gxf5 $2 (28... Ne5 29. fxg6+ N7xg6) (28... Nxf5 29. Qxg4) 29. Qxg4 $1 {[%csl Gh6][%cal Rg4g7]} Rg8 30. Qh3 Rg6 {[#]} 31. e4 $1 dxe4 {[#]} 32. Bxe4 $1 {[%mdl 64] Pin} Qe6 (32... fxe4 33. Qxd7) 33. Bc2 Rag8 34. Rde1 Qf6 {[#]} 35. Rxe7+ $1 {[%mdl 64] Deflection} Qxe7 36. Bxf5 Kh8 37. Bxg6 Rxg6 38. h7 {Qc8+ would kill now.} Rf6 39. Qg3 {[%csl Gh7][%cal Rg3g8]} Qf8 40. Qc3 Qg7 41. Kb1 Qg6+ 42. Ka1 Qg7 43. a3 Qg6 44. Rf1 {Accuracy: White = 79%, Black = 36%.} 1-0

[Event "DMP-III LIGA Senior PK 2020"]
[Site "Bystre"]
[Date "2020.07.10"]
[Round "4.14"]
[White "Smusz, Kamil"]
[Black "Mazurkiewicz, Andrzej"]
[Result "1-0"]
[WhiteElo "1922"]
[BlackElo "1608"]
[Annotator "TA"]
[PlyCount "85"]
[EventDate "2020.07.05"]
[EventType "team-tourn"]
[EventCountry "POL"]
[SourceTitle "playchess.com"]
[Source "ChessBase"]
[SourceQuality "1"]

{[%evp 11,85,-15,0,-16,0,-8,13,7,8,-6,12,-2,44,0,20,12,14,-8,4,0,18,-22,-13,-15,33,22,29,25,89,90,105,106,132,60,56,0,139,155,111,145,154,130,226,236,244,243,714,712,701,709,698,702,687,407,497,495,652,652,628,629,677,663,814,744,808,715,816,710,2260,2142,1746,1912,29981,29983,29991,29991]} 1. d4 d5 2. Bf4 Nf6 3. e3 e6 4. Nf3 Bd6 5. Bg3 O-O 6. Bd3 c5 7. c3 {D02: 1 d4 d5 2 Nf3 sidelines, including 2...Nf6 3 g3 and 2...Nf6 3 Bf4.} b6 8. Nbd2 Ba6 {The main line 8...Ba6 scores better than 8...Bb7.} 9. Bxa6 {The position is equal.} Nxa6 10. Ne5 Bxe5 11. Bxe5 {[#]} Rc8 $146 ({Predecessor:} 11... Nb8 12. O-O Nc6 13. Bg3 Qe7 14. Re1 Rfd8 15. Qa4 Rac8 16. Rad1 Nh5 17. Nf3 Nxg3 18. hxg3 {½-½ (24) Shen,Y (2468)-Pogonina,N (2457) Qinhuangdao 2018}) 12. Qf3 cxd4 13. exd4 Nb8 14. h4 Ne8 15. h5 f6 16. Bf4 e5 17. Be3 exd4 18. Bxd4 Nc6 19. Nb3 Nxd4 (19... a5 $11) 20. Nxd4 $16 Qe7+ 21. Kf1 Qe4 {[#]} 22. Qg3 (22. Qh3 $1 $16 {[%cal Rh3c8]} f5 23. Re1) 22... Qe5 $14 23. Qf3 (23. Qg4 $14 f5 24. Qh4) 23... Qe4 $16 {[#]} 24. Qh3 $1 {[%cal Rh3c8] White now steadily converts the win.} f5 25. Re1 Qf4 26. Qd3 $36 {[%mdl 2048] Black is under strong pressure.} Rf6 (26... Rf7 $16 27. g3 Qc7) 27. g3 $18 Qc7 28. Nxf5 {[%mdl 64] Discovered Attack} Qc4 $2 (28... Kh8 29. h6 g6) 29. Qxc4 {[%mdl 64] Overworked Piece} Rxc4 30. Rxe8+ Kf7 31. Re7+ Kf8 32. Rxg7 Rxf5 33. Rxh7 Rf7 34. Rxf7+ Kxf7 {[%mdl 4096] Endgame KR-KR} 35. Ke2 Kg7 36. f3 b5 37. g4 b4 38. Kd3 bxc3 39. bxc3 a5 40. h6+ Kh7 41. g5 Rf4 {[#]} 42. g6+ $1 Kh8 (42... Kxg6 43. h7) 43. Rb1 {Accuracy: White = 83%, Black = 45%.} 1-0

[Event "DMP-III LIGA Senior PK 2020"]
[Site "Bystre"]
[Date "2020.07.10"]
[Round "4.15"]
[White "Chowaniec, Artur"]
[Black "Kasperek, Rafal"]
[Result "0-1"]
[WhiteElo "1530"]
[BlackElo "1982"]
[Annotator "TA"]
[PlyCount "74"]
[EventDate "2020.07.05"]
[EventType "team-tourn"]
[EventCountry "POL"]
[SourceTitle "playchess.com"]
[Source "ChessBase"]
[SourceQuality "1"]

{[%evp 9,74,33,37,-35,-23,-31,-15,-19,-13,-35,-14,-65,-63,-99,-50,-93,-52,-77,-68,-68,-43,-98,-107,-108,-96,-98,-81,-89,-81,-95,-76,-72,-66,-81,-78,-59,-65,-85,-50,-96,-77,-336,-362,-359,-353,-382,-368,-376,-363,-375,-377,-408,-375,-425,-433,-479,-466,-446,-445,-420,-362,-409,-412,-346,-44,-47,-45]} 1. e4 c5 2. Nf3 Nc6 3. Bb5 g6 4. Bxc6 bxc6 5. d4 Bg7 6. O-O {B31: Sicilian: 2...Nc6 3 Bb5 g6.} (6. dxc5 $14 Qa5+ 7. Nbd2) 6... cxd4 $1 $15 7. Nxd4 Qb6 8. c3 {The position is equal.} Nf6 9. Re1 {[#]} (9. e5 $5 {[%cal Re5f6]} Nd5 10. Re1 $15) 9... O-O $146 ({Predecessor:} 9... d6 10. h3 O-O 11. Nd2 Ba6 12. N4b3 c5 13. Nf3 Rab8 14. e5 Ne8 15. Bg5 f6 16. exf6 exf6 17. Bf4 f5 18. Ng5 Rf6 19. Qd5+ Kh8 20. Nf7+ Kg8 21. Nh6+ {1-0 (21) Yolal,S (1646)-Ajanovic,B (1377) Prague 2016}) 10. Qb3 ({White should try} 10. e5 $11 Nd5 11. c4) 10... Qc7 $36 {[%mdl 2048] Black has some pressure.} 11. Qc2 d6 12. Be3 c5 13. Ne2 Rb8 14. Nd2 Ng4 15. Ng3 (15. Bf4 $1 $15) 15... Nxe3 $17 16. Rxe3 e6 17. Rd1 d5 18. exd5 exd5 19. Nf3 Bh6 20. Ree1 Be6 21. h3 Rfd8 22. Nf1 Qa5 23. Ne5 {Nc6 would now be nice for White.} Rbc8 24. a3 Qc7 25. Nxg6 $2 {[%mdl 8192] [#]} (25. c4 $17) 25... hxg6 $19 26. Rxe6 fxe6 27. Qxg6+ Bg7 28. Qxe6+ Qf7 29. Qg4 Rf8 30. f3 Rcd8 31. Qg5 d4 32. Qxc5 dxc3 33. Rxd8 Rxd8 34. bxc3 Qd7 35. Qc4+ Qd5 36. Qc7 Bxc3 $2 {[#]} (36... Re8 $19 {...Re1 is the strong threat.} 37. Qg3 Qc4) 37. Qxc3 $15 Qd4+ {Accuracy: White = 44%, Black = 73%.} 0-1

[Event "DMP-III LIGA Senior PK 2020"]
[Site "Bystre"]
[Date "2020.07.10"]
[Round "4.16"]
[White "Mikula, Michal"]
[Black "Wrobel, Dariusz"]
[Result "1-0"]
[WhiteElo "1858"]
[BlackElo "1427"]
[Annotator "NA RC"]
[PlyCount "63"]
[EventDate "2020.07.05"]
[EventType "team-tourn"]
[EventCountry "POL"]
[SourceTitle "playchess.com"]
[Source "ChessBase"]
[SourceQuality "1"]
[TimeControl "5400+30"]

{[%evp 8,40,27,29,19,22,38,35,47,7,34,30,32,14,27,-18,0,32767,32767,32767,32767,32767,32767,32767,96,55,85,46,45,50,108,125,119,164,202]} 1. e4 {[%emt 0:00:00]} e5 {[%emt 0:00:00]} 2. Nf3 {[%emt 0:00:00]} d6 {[%emt 0:00:00]} 3. Bc4 {[%emt 0:00:51]} Be7 {[%emt 0:00:00]} 4. d4 {[%emt 0:02:22]} exd4 {[%emt 0:00:09]} 5. Nxd4 {[%emt 0:01:27]} Nf6 {[%emt 0:01:05]} 6. Nc3 {[%emt 0:01:42]} Bd7 {[%emt 0:00:22]} 7. Be3 {[%emt 0:01:19] C41: Philidor Defence.} Nc6 {[%emt 0:00:14]} 8. f3 {[%emt 0:01:14]} Nxd4 {[%emt 0:00:19]} (8... Ne5 $5 {[%cal Re5c4]} 9. Be2 c5 $11) 9. Bxd4 {[%emt 0:00:19]} a6 {[%emt 0:00:09]} 10. Qd2 {[%emt 0:06:28]} O-O {[%emt 0:00:11] [#]} 11. g4 $146 {[%emt 0:00:35]} ({Predecessor:} 11. O-O Bc6 12. Nd5 Nxd5 13. exd5 Bd7 14. Rae1 Bf6 15. Re2 Re8 16. Rxe8+ Bxe8 17. Re1 Bxd4+ 18. Qxd4 {1-0 (42) Nikolov,S-Genov,D Sofia 2008}) 11... b5 {[%emt 0:00:19]} 12. Bd3 {[%emt 0:03:14]} Bc6 {[%emt 0:00:33]} 13. O-O-O {[%emt 0:01:09]} b4 {[%emt 0:00:43]} 14. Ne2 {[%emt 0:00:41]} a5 {[%emt 0:01:33]} 15. Ng3 {[%emt 0:02:19]} Nd7 {[%emt 0:00:58]} 16. Nf5 {[%emt 0:08:46]} Bf6 {[%emt 0:00:11]} 17. Bxf6 {[%emt 0:01:15]} Qxf6 {[%emt 0:00:25]} 18. g5 {[%emt 0:02:22]} Qd8 {[%emt 0:00:16]} ({Better is} 18... Qe5 $14) 19. h4 {[%emt 0:06:26]} Ne5 {[%emt 0:00:49]} 20. Be2 {[%emt 0:00:10]} Bd7 $18 {[%emt 0:01:36]} (20... f6 $16 {might work better.} 21. gxf6 Qxf6) 21. h5 {[%emt 0:06:03]} Bxf5 {[%emt 0:00:27]} 22. exf5 f6 {[%emt 0:00:43]} 23. f4 {[%emt 0:00:54]} Nd7 {[%emt 0:00:28]} 24. Bc4+ {[%emt 0:02:39]} Kh8 {[%emt 0:00:12]} 25. h6 {[%emt 0:00:09]} fxg5 {[%emt 0:01:07]} 26. hxg7+ {[%emt 0:00:42]} Kxg7 {[%emt 0:00:18]} 27. Qd4+ {[%emt 0:01:00]} Qf6 {[%emt 0:00:29]} 28. Qd2 {[%emt 0:04:58]} Qxf5 {[%emt 0:00:27]} 29. Bd3 {[%emt 0:00:08]} Qe6 {[%emt 0:02:15]} 30. Rxh7+ {[%emt 0:00:29]} Kg8 {[%emt 0:00:37]} 31. Re1 {[%emt 0:06:48]} Qxa2 {[%emt 0:00:34]} 32. Qg2 {[%emt 0:00:09]} 1-0

[Event "DMP-III LIGA Senior PK 2020"]
[Site "Bystre"]
[Date "2020.07.10"]
[Round "4.17"]
[White "Kielb, Miroslaw"]
[Black "Sygulski, Piotr"]
[Result "0-1"]
[WhiteElo "1394"]
[BlackElo "1652"]
[Annotator "NA RC"]
[PlyCount "132"]
[EventDate "2020.07.05"]
[EventType "team-tourn"]
[EventCountry "POL"]
[SourceTitle "playchess.com"]
[Source "ChessBase"]
[SourceQuality "1"]
[TimeControl "5400+30"]

1. e4 {[%emt 0:00:00]} e6 {[%emt 0:00:00]} 2. d4 {[%emt 0:00:00]} d5 {[%emt 0:00:00]} 3. Nc3 {[%emt 0:00:11]} Nf6 {[%emt 0:00:04]} 4. Bg5 {[%emt 0:03:27]} dxe4 {[%emt 0:00:23]} 5. Nxe4 {[%emt 0:00:27]} Nbd7 {[%emt 0:00:29]} 6. Nf3 {[%emt 0:03:20]} Be7 {[%emt 0:00:42]} 7. Bd3 {[%emt 0:01:38]} Nxe4 {[%emt 0:03:13]} 8. Bxe7 {[%emt 0:00:27]} Qxe7 {[%emt 0:00:13]} 9. Bxe4 {[%emt 0:00:30]} Nf6 {[%emt 0:01:07]} 10. Bd3 {[%emt 0:01:49]} O-O {[%emt 0:03:24]} 11. O-O {[%emt 0:00:59]} b6 {[%emt 0:00:55]} 12. Re1 {[%emt 0:04:24]} Bb7 {[%emt 0:00:20]} 13. c4 {[%emt 0:01:16]} Qd6 {[%emt 0:02:03]} 14. Ng5 {[%emt 0:10:10]} Rad8 {[%emt 0:06:06]} 15. Qc2 {[%emt 0:01:51]} h6 {[%emt 0:09:53]} 16. Ne4 {[%emt 0:03:50]} Qxd4 {[%emt 0:02:54]} 17. Nxf6+ {[%emt 0:04:35]} Qxf6 {[%emt 0:00:11]} 18. Re3 {[%emt 0:01:50]} Rd7 {[%emt 0:04:46]} 19. Rae1 {[%emt 0:01:48]} Rfd8 {[%emt 0:00:59]} 20. Rg3 {[%emt 0:02:07]} Rd4 {[%emt 0:03:39]} 21. Qc3 {[%emt 0:01:38]} c5 {[%emt 0:01:40]} 22. h3 {[%emt 0:02:44]} Kh8 {[%emt 0:01:35]} 23. Rge3 {[%emt 0:01:44]} R8d7 {[%emt 0:03:29]} 24. f3 {[%emt 0:01:34]} Qg5 {[%emt 0:04:46]} 25. Kf1 {[%emt 0:01:38]} Qg3 {[%emt 0:03:41]} 26. Be4 {[%emt 0:01:40]} Bxe4 {[%emt 0:01:50]} 27. Rxe4 {[%emt 0:03:44]} Rd2 {[%emt 0:01:08]} 28. R4e2 {[%emt 0:01:30]} Rxe2 {[%emt 0:02:25]} 29. Rxe2 {[%emt 0:00:58]} Rd1+ {[%emt 0:00:07]} 30. Re1 {[%emt 0:00:22]} Qxe1+ {[%emt 0:00:10]} 31. Qxe1 {[%emt 0:00:11]} Rxe1+ {[%emt 0:00:02]} 32. Kxe1 {[%emt 0:00:06]} Kg8 {[%emt 0:00:09]} 33. Ke2 {[%emt 0:00:36]} Kf8 {[%emt 0:00:13]} 34. Ke3 {[%emt 0:00:34]} Ke7 {[%emt 0:00:19]} 35. Ke4 {[%emt 0:00:25]} g5 {[%emt 0:00:42]} 36. g4 {[%emt 0:00:41]} f6 {[%emt 0:01:12]} 37. a4 {[%emt 0:01:35]} Kd6 {[%emt 0:00:51]} 38. b3 {[%emt 0:00:48]} a6 {[%emt 0:01:50]} 39. f4 {[%emt 0:01:03]} gxf4 {[%emt 0:00:47]} 40. Kxf4 {[%emt 0:00:08]} Ke7 {[%emt 0:00:24]} 41. h4 {[%emt 0:01:17]} Kf7 {[%emt 0:00:24]} 42. h5 {[%emt 0:00:20]} Ke7 {[%emt 0:02:18]} 43. Ke4 {[%emt 0:02:14]} Kd6 {[%emt 0:00:19]} 44. Kf4 {[%emt 0:00:46]} Kc6 {[%emt 0:00:12]} 45. Ke4 {[%emt 0:01:05]} b5 {[%emt 0:00:29]} 46. a5 {[%emt 0:00:43]} b4 {[%emt 0:03:14]} 47. Kf4 {[%emt 0:01:23]} Kd6 {[%emt 0:00:06]} 48. Ke4 {[%emt 0:00:38]} Ke7 {[%emt 0:00:14]} 49. Kf4 {[%emt 0:00:29]} e5+ {[%emt 0:00:17]} 50. Kf3 {[%emt 0:01:20]} Ke6 {[%emt 0:01:51]} 51. Ke4 {[%emt 0:00:09]} f5+ {[%emt 0:00:33]} 52. gxf5+ {[%emt 0:00:13]} Kf6 {[%emt 0:00:01]} 53. Kd5 {[%emt 0:01:21]} Kxf5 {[%emt 0:00:06]} 54. Kxc5 {[%emt 0:00:22]} e4 {[%emt 0:01:07]} 55. Kd6 {[%emt 0:06:16]} e3 {[%emt 0:00:10]} 56. c5 {[%emt 0:00:07]} e2 {[%emt 0:00:03]} 57. c6 {[%emt 0:00:07]} e1=Q {[%emt 0:00:03]} 58. c7 {[%emt 0:00:14]} Qe6+ {[%emt 0:00:11]} 59. Kc5 {[%emt 0:00:15]} Ke5 {[%emt 0:00:37]} 60. Kxb4 {[%emt 0:00:29]} Qd6+ {[%emt 0:00:11]} 61. Ka4 {[%emt 0:00:18]} Qxc7 {[%emt 0:00:42]} 62. b4 {[%emt 0:00:18]} Kd4 {[%emt 0:00:12]} 63. b5 {[%emt 0:00:10]} Qc4+ {[%emt 0:00:06]} 64. Ka3 {[%emt 0:00:14]} Qxb5 {[%emt 0:00:03]} 65. Ka2 {[%emt 0:00:15]} Kc3 {[%emt 0:00:02]} 66. Ka1 {[%emt 0:00:13]} Qb2# 0-1